The assassination of Margaret Thatcher and other stories / (Record no. 96214)

MARC details
000 -LEADER
fixed length control field 00927nam a22002417a 4500
005 - DATE AND TIME OF LATEST TRANSACTION
control field 20170824115005.0
010 ## - LCCN (DPL NO)
LC control number 1516EN07 ENG-114668
020 ## - INTERNATIONAL STANDARD BOOK NUMBER
International Standard Book Number 9780007583089
Terms of availability 499.00
035 ## - SYSTEM CONTROL NUMBER
System control number EN-98200
035 ## - SYSTEM CONTROL NUMBER
System control number B-601957-967
035 ## - SYSTEM CONTROL NUMBER
System control number B-667760
037 ## - SOURCE OF ACQUISITION
Stock number dpl
Source of stock number/acquisition KKP/Ven
037 ## - SOURCE OF ACQUISITION
Source of stock number/acquisition DBAD/PUB
082 ## - DEWEY DECIMAL CLASSIFICATION NUMBER
Classification number S
100 ## - MAIN ENTRY--PERSONAL NAME
Personal name Mantel, Hilary
245 ## - TITLE STATEMENT
Title The assassination of Margaret Thatcher and other stories /
Statement of responsibility, etc by Hilary Mantel
260 ## - PUBLICATION, DISTRIBUTION, ETC. (IMPRINT)
Place of publication, distribution, etc London
Name of publisher, distributor, etc Fourth Estate
Date of publication, distribution, etc 2014
270 ## - ADDRESS
Address 77-85 Fulham Palace Road, Hammersmith,
City London
Postal code W6 8JB
300 ## - PHYSICAL DESCRIPTION
Extent 242p.
Dimensions 21cm(Hb)
942 ## - ADDED ENTRY ELEMENTS (KOHA)
Source of classification or shelving scheme Dewey Decimal Classification
Item type English Books
Call number suffix MAN
Classification part S
Holdings
Withdrawn status Lost status Not for loan Collection code Home library Current library Date acquired Source of acquisition Cost, normal purchase price Full call number Barcode Copy number Cost, replacement price Koha item type
      Fiction Ashok Vihar Ashok Vihar 24/08/2017 KKP/279/24.2.2017/394/15.2.2017/17.3.2017 499.00 S MAN B-667760 1 499.00 English Books
      Fiction Bawana Bawana 29/08/2016 66/29.9.2015/122/16.9.2015/30.9.2015 499.00 S MAN B-601966 1 499.00 English Books
      Fiction Central Library Central Library 29/08/2016 66/29.9.2015/122/16.9.2015/30.9.2015 499.00 S MAN B-601957 1 499.00 English Books
    Not For Loan Fiction D.B.Act.Division D.B.Act.Division 23/12/2015 DBAD/PUB 499.00 S MAN EN-98200 1 499.00 English Books
      Fiction Janak Puri Janak Puri 29/08/2016 66/29.9.2015/122/16.9.2015/30.9.2015 499.00 S MAN B-601962 1 499.00 English Books
      Fiction Karol Bagh Karol Bagh 29/08/2016 66/29.9.2015/122/16.9.2015/30.9.2015 499.00 S MAN B-601964 1 499.00 English Books
      Fiction Kasturba Gandhi Marg Kasturba Gandhi Marg 29/08/2016 66/29.9.2015/122/16.9.2015/30.9.2015 499.00 S MAN B-601959 1 499.00 English Books
      Fiction Narela Narela 29/08/2016 66/29.9.2015/122/16.9.2015/30.9.2015 499.00 S MAN B-601965 1 499.00 English Books
  Long Overdue (Lost)   Fiction Patel Nagar Patel Nagar 29/08/2016 66/29.9.2015/122/16.9.2015/30.9.2015 499.00 S MAN B-601958 1 499.00 English Books
      Fiction Peshwa Road Peshwa Road 29/08/2016 66/29.9.2015/122/16.9.2015/30.9.2015 499.00 S MAN B-601960 1 499.00 English Books
      Fiction Sarojini Nagar Sarojini Nagar 29/08/2016 66/29.9.2015/122/16.9.2015/30.9.2015 499.00 S MAN B-601963 1 499.00 English Books
      Fiction Shahdara Branch Shahdara Branch 29/08/2016 66/29.9.2015/122/16.9.2015/30.9.2015 499.00 S MAN B-601967 1 499.00 English Books
      Fiction Tri Nagar Tri Nagar 29/08/2016 66/29.9.2015/122/16.9.2015/30.9.2015 499.00 S MAN B-601961 1 499.00 English Books

© Delhi Public Library
Hit Counter
free hit counter